00545nam a22001577a 450000500170000001000130001702000260003003500130005603700390006908200130010810000220012124501110014326000560025427000520031030000250036220221017151937.0 aB-745999 a9788126930104c595.00 aB-745999 bAtlantic Publishers & Distributors a915.4044 aNiraj Kumar Singh aV.S. Naipaul’s India based travelogues:bfinally the correct perspective emerges /cby Niraj Kumar Singh aNew DelhibAtlantic Publishers & Distributorsc2019 a7/22, Ansari Road, DaryaganjbNew Delhie110002 avii, 157p.c22cm(Hb)